<?xml version="1.0" encoding="UTF-8"?>
<collection xmlns:xsi="http://www.w3.org/2001/XMLSchema-instance" xsi:schemaLocation="http://www.loc.gov/MARC21/slim http://www.loc.gov/standards/marcxml/schema/MARC21slim.xsd" xmlns="http://www.loc.gov/MARC21/slim">
 <record>
  <leader>00000ctm a22000007a 4500</leader>
  <controlfield tag="001">UP-8027390931316334781</controlfield>
  <controlfield tag="003">Buklod</controlfield>
  <controlfield tag="005">20240411113504.0</controlfield>
  <controlfield tag="006">a     r    |||| u|</controlfield>
  <controlfield tag="007">ta</controlfield>
  <controlfield tag="008">240411s        xx     d     r    |||| u|</controlfield>
  <datafield tag="035" ind1=" " ind2=" ">
   <subfield code="a">(iLib)UPMIN-00031834826</subfield>
  </datafield>
  <datafield tag="040" ind1=" " ind2=" ">
   <subfield code="c">UPMin</subfield>
  </datafield>
  <datafield tag="090" ind1=" " ind2="0">
   <subfield code="a">LG993.5 2018 A7</subfield>
   <subfield code="b">E87e</subfield>
  </datafield>
  <datafield tag="100" ind1="1" ind2=" ">
   <subfield code="a">Espinosa, Yna Corazon G.</subfield>
   <subfield code="e">author</subfield>
  </datafield>
  <datafield tag="245" ind1="0" ind2="0">
   <subfield code="a">Exploring cultural gateways</subfield>
   <subfield code="b">providing a sense of place in planning and design of General Santos City Airport</subfield>
   <subfield code="c">Yna Corazon G. Espinosa; Myrafe S. Ylagan, adviser.</subfield>
  </datafield>
  <datafield tag="264" ind1=" " ind2="1">
   <subfield code="c">2018</subfield>
  </datafield>
  <datafield tag="300" ind1=" " ind2=" ">
   <subfield code="a">170 leaves</subfield>
  </datafield>
  <datafield tag="502" ind1=" " ind2=" ">
   <subfield code="a">Thesis (BS Architecture) -- University of the Philippines Mindanao, 2018</subfield>
  </datafield>
  <datafield tag="520" ind1="3" ind2=" ">
   <subfield code="a">The study aims to determine the meaning of Sense of Place for the residents and tourists of Region 12 and to know the experiences and amenities needed for the formulation of guidelines in planning and design of General Santos City Airport The present condition of the airport was determined through site inspection and Community Vision Survey which helped in evaluating the commodified relationship of the travelers to the airport. The Sense of Place was determined through the place identity and place attachment theories. The Place attachment theory included the Psychometric measurement of the Sense of Place for the locals and tourists of Region 12 The place identity was assessed through a structured survey distributed among the residents and tourists of Region 12. The study showed three major results: (1) That commodified relationship is an important aspect in achieving Sense of Place in an area, (2) That cultural domain dominated among the different domains in Psychometric measurement of Sense of Place and (3) Social Imageability played a major role in place identity of Region 12 The data obtained in this study was then used for architectural translation. Further research could be applied to the participatory design process focused on airport developments. Additional research on a collection of comprehensive design elements will further enhance the study in establishing a local identity in airport designs. For future studies, it is recommended to seek professional advice in place-making. One of the better ways to enhance the place-making approach is the Zaltman Metaphor Elicitation Technique (ZMET). This process involves experts in analyzing data regarding place identity and branding.</subfield>
  </datafield>
  <datafield tag="658" ind1=" " ind2=" ">
   <subfield code="a">Architectural Design IX: Research Project in Architecture</subfield>
   <subfield code="c">ARCH191.</subfield>
  </datafield>
  <datafield tag="658" ind1=" " ind2=" ">
   <subfield code="a">Architectural Design X: Architectural Design Project</subfield>
   <subfield code="c">ARCH192.</subfield>
  </datafield>
  <datafield tag="700" ind1="1" ind2=" ">
   <subfield code="a">Ylagan, Myrafe S.</subfield>
   <subfield code="e">adviser.</subfield>
  </datafield>
  <datafield tag="905" ind1=" " ind2=" ">
   <subfield code="a">FI</subfield>
  </datafield>
  <datafield tag="905" ind1=" " ind2=" ">
   <subfield code="a">UP</subfield>
  </datafield>
  <datafield tag="852" ind1="0" ind2=" ">
   <subfield code="a">UPMIN</subfield>
   <subfield code="b">UPMIN-MAIN</subfield>
   <subfield code="h">LG993.5 2018 A7</subfield>
   <subfield code="i">E87e</subfield>
  </datafield>
  <datafield tag="942" ind1=" " ind2=" ">
   <subfield code="a">Thesis</subfield>
  </datafield>
 </record>
</collection>
